| Поле | Инд. | ПП | Название | Значение |
|---|---|---|---|---|
| Тип записи | a | |||
| Библиографический уровень | m | |||
| 001 | Контрольный номер | ba67043d791f4e2187aded2617dac35c | ||
| 005 | Дата корректировки | 20260522134459.8 | ||
| 040 | a | Служба первич. каталог. | 10013504 | |
| b | Код языка каталог. | rus | ||
| e | Правила каталог. | PSBO | ||
| 041 | 0_ | a | Код языка текста | rus |
| 090 | a | Полочн. индекс | Дис. | |
| x | Авторский знак | Ш 23 | ||
| r | Идентификатор организации | 10013504 | ||
| 100 | 1_ | a | Автор | Шапиро Е.А. |
| 245 | 10 | a | Заглавие | Износ калибров |
| b | Продолж. заглавия | приложение к диссертации ... кандидата технических наук | ||
| c | Ответственность | науч. рук. И.Е. Городецкий ; МАТИ | ||
| 260 | a | Место издания | Москва | |
| c | Дата издания | 1946 | ||
| 300 | a | Объем | 96 с. | |
| b | Иллюстрации/ тип воспроизводства | ил. | ||
| 653 | 0_ | a | Ключевые слова | ДИССЕРТАЦИИ; КАЛИБРЫ; ИЗНОС |
| 700 | 12 | a | Другие авторы | Городецкий И.Е. |
| e | Роль лиц | Научный руководитель | ||
| 901 | t | Тип документа | d | |
| 952 | a | Тип литературы для КСУ ВШ | КДНР | |
| c | Вид литературы | диссертация |